<?xml version="1.0" encoding="UTF-8"?>
<collection xmlns="http://www.loc.gov/MARC21/slim">
  <record>
    <leader>00000nam  2200000   4500</leader>
    <controlfield tag="001">INLIS000000000018193</controlfield>
    <controlfield tag="005">20240905081135</controlfield>
    <datafield tag="035" ind1="#" ind2="#">
      <subfield code="a">0010-0924000022</subfield>
    </datafield>
    <controlfield tag="007">ta</controlfield>
    <controlfield tag="008">240905################|##########|#|##</controlfield>
    <datafield tag="084" ind1="#" ind2="#">
      <subfield code="a">R 037 PKA 2023</subfield>
    </datafield>
    <datafield tag="100" ind1=" " ind2="#">
      <subfield code="a">Verbian Hidayat Syam</subfield>
    </datafield>
    <datafield tag="245" ind1="1" ind2="#">
      <subfield code="a">Optimalisasi Penanganan Kawasan Kumuh Berbasis Peran Serta Stakeholder di Kota Batam (OPTIMIS) /</subfield>
      <subfield code="c">Verbian Hidayat Syam</subfield>
    </datafield>
    <datafield tag="260" ind1="#" ind2="#">
      <subfield code="a">Jakarta :</subfield>
      <subfield code="b">Pusbangkom Pimnas dan Manajerial ASN,</subfield>
      <subfield code="c">2023</subfield>
    </datafield>
    <datafield tag="300" ind1="#" ind2="#">
      <subfield code="a">50 halaman ;</subfield>
      <subfield code="c">30 cm</subfield>
    </datafield>
    <datafield tag="650" ind1="#" ind2="4">
      <subfield code="a">Penanganan Kawasan Kumuh</subfield>
    </datafield>
    <datafield tag="650" ind1="#" ind2="4">
      <subfield code="a">Peran Stakeholder</subfield>
    </datafield>
    <datafield tag="856" ind1="#" ind2="#">
      <subfield code="a">Kawasan kumuh mencerminkan ketidakseimbangan dalam akses terhadap perumahan yang layak dan fasilitas publik, serta menjadi penghalang dalam mencapai tujuan pembangunan berkelanjutan. Agenda SDGs yang diadopsi oleh PBB bertujuan untuk mengakhiri kemisikinan, melindungi planet dan memastikan kesejahteraan bagi semua orang. Pemerintah Indonesia telah menetapkan kebijakan dan program yang bertujuan untuk mengurangi jumlah pemukinan kumuh dan meningkatkan akses terhadap perumahan yang layak bagi masyarakat.</subfield>
    </datafield>
    <datafield tag="990" ind1="#" ind2="#">
      <subfield code="a">24.09.037</subfield>
    </datafield>
  </record>
</collection>
